ბათუმის შოთა რუსთაველის სახელმწიფო უნივერსიტეტის ბიბლიოთეკა

აგროქიმია. ნაწ.2. (ბიბ.ჩანაწერი № 44739)

000 -LEADER
fixed length control field 01143nam a2200229Ia 4500
001 - CONTROL NUMBER
control field 11544
003 - CONTROL NUMBER IDENTIFIER
control field GE_BSU
008 - FIXED-LENGTH DATA ELEMENTS--GENERAL INFORMATION
fixed length control field 181216s||||||||xx |||||||||||||| ||und||
040 ## - CATALOGING SOURCE
Transcribing agency GE_BSU
080 ## - UNIVERSAL DECIMAL CLASSIFICATION NUMBER
Universal Decimal Classification number 631.8(075.8)+63:54(075.8)
245 ## - TITLE STATEMENT
Title აგროქიმია. ნაწ.2.
245 ## - TITLE STATEMENT
Remainder of title სახელმძღვ.სას.სამ.უმაღლ.სასწავლებლების აგრონომიული ფაკ–ტების სტუდენტებისათვის.
245 ## - TITLE STATEMENT
Statement of responsibility, etc. პ.სმირნოვისა და ა.პეტერბურგსკის რედ. თარგმანი.მთარგ:ჯ.მენაღარიშვილი,ი.ა.ნაკაიძე.რედ:ი.ნაკაიძე.
250 ## - EDITION STATEMENT
Edition statement გადამუშ და შევსებ.მე–3 რუსული გამოცემიდან.
260 ## - PUBLICATION, DISTRIBUTION, ETC.
Place of publication, distribution, etc. თბილისი.
260 ## - PUBLICATION, DISTRIBUTION, ETC.
Name of publisher, distributor, etc. განათლება.
260 ## - PUBLICATION, DISTRIBUTION, ETC.
Date of publication, distribution, etc. 1982.
300 ## - PHYSICAL DESCRIPTION
Extent 358გვ;22სმ.
300 ## - PHYSICAL DESCRIPTION
Accompanying material ცხრ.
653 ## - INDEX TERM--UNCONTROLLED
Uncontrolled term აგროქიმია. ნაწ.2.
942 ## - ADDED ENTRY ELEMENTS (KOHA)
Koha item type წიგნი
ეგზემპლარები
Withdrawn status Lost status Damaged status Not for loan Date acquired Barcode Date last seen Price effective from Koha item type
        2018-12-17 20079 2018-12-17 2018-12-17 წიგნი
        2018-12-17 20080 2018-12-17 2018-12-17 წიგნი
        2018-12-17 20081 2018-12-17 2018-12-17 წიგნი
        2018-12-17 20082 2018-12-17 2018-12-17 წიგნი
        2018-12-17 20083 2018-12-17 2018-12-17 წიგნი